| 000 | 02197cam a2200397 i 4500 | ||
|---|---|---|---|
| 999 |
_c66044 _d66044 |
||
| 001 | 768714001 | ||
| 003 | CO-MdFUSB | ||
| 005 | 20200630155443.0 | ||
| 007 | ta | ||
| 008 | 000613t2005 nyub b 001 0deng d | ||
| 010 | _a00056076 | ||
| 020 | _a0380807319 | ||
| 020 | _a9780380807314 | ||
| 040 |
_aOTZ _beng _cCO-MdFUSB _dBAKER _dCO-MdFUSB _dTBS _dBTCTA _dYDXCP _dIAK _dUAU _dA6T _dOCLCQ _dOCLCA _dOCLCQ _dOCLCO _dOCLCF _dOCLCO _dOCLCQ _erda |
||
| 041 | _aeng | ||
| 082 |
_223 _a222.1207 _bF298 |
||
| 100 | 1 |
_aFeiler, Bruce S. _eautor |
|
| 245 | 1 | 0 |
_aWalking the Bible : _ba journey by land through the five books of Moses _c/ Feiler, Bruce S, Alex Gregory, David Wallace. |
| 264 | 1 |
_aNew York : _bWGBH Boston, _c[2005] |
|
| 264 | 4 | _c© 2005 | |
| 300 |
_a451 páginas : _bmapas ; _c25 cm. |
||
| 336 |
_atexto _btdi _2rdacontent |
||
| 337 |
_aotro _bn _2rdamedia |
||
| 338 |
_avolumen _bnc _2rdacarrier |
||
| 500 | _aMapa del mundo bíblico de c. 2000-1200 a.E.C. y del Medio Oriente. | ||
| 504 | _aIncluye referencias bibliográficas e indice. | ||
| 505 | _aY Dios dijo. Sal, Dios de nuestros padres. En la tierra de Canaán; Toma ahora a tu hijo; Una almohada de piedras: un abrigo de muchos colores. A orillas del Nilo; E hicieron sus vidas amargas; Un muro de agua - El gran y terrible desierto. Una tierra de ardientes serpientes y escorpiones; En tierra santa; La montaña pisoteada por Dios: la tierra que devora a su gente. Errante Y la tierra abrió su boca; La tierra de la leche y la miel: hacia la tierra prometida. Las guerras del señor; La mitad de viejo que el tiempo; Amanecer en la palma del Señor; Y la gente creyó; Toma estas palabras. | ||
| 520 | 1 | _a"Una parte de historia de aventuras, una parte de trabajo de detective arqueológico, una parte de exploración espiritual, Walking the Bible narra una odisea personal inspiradora, a pie, jeep, bote de remos y camello, a través de las mejores historias jamás contadas". | |
| 563 | _aRústico | ||
| 630 | 7 |
_aBiblia. _pÉxodo. _xCrítica, interpretación, etc. |
|
| 700 |
_94180 _aGregory, Alex, _eeditor |
||
| 700 |
_94181 _aWallace, David, _eeditor |
||
| 942 | _cBK | ||
| 945 | _aJTF-925 | ||